00575nam a2200193 a 450000100060000000300080000600500170001400800410003103500190007204000270009104100080011808200270012624500650015326000480021830000320026665000290029865000270032770000270035462757BD-RjUL20211209081123.0170125m19689999pk a 000 0 eng  a(BD-RjUL)62884 aDLCcDLCdBD-RjULbeng aeng00a790.2095223bPER 196810aPerforming arts of Afro-Asia /cEd. By Afro-Asian Book Club. aLahore :bPeople's republic of china,c1968 av. 71 p. :bill. ;c19 cm. 0aPerforming artszAfrica. 0aPerforming artszAsia. aBook Club. Afro-Asian